000 00753cam a22002291a 4500
001 ne 63001689
003 DLC
005 20260227111749.0
008 910805s1962 ua ab b 000 0 ararc
010 _ane 63001689
035 _a(OCoLC)24177505
040 _aPrinceton Univ. Libr.
_cMWalB
_dMWalB
_dDLC
042 _apremarc
050 0 0 _aHA29
_b.S235
100 1 _aṢafwat, Maḥmūd Muḥammad.
245 1 0 _aMarāḥil al-baḥth al-iḥṣāʼī /
_ctaʼlīf Maḥmūd Muḥammad Ṣafwat.
250 _aal-Ṭabʻah al-Ūlá
260 _a[al-Qāhirah] :
_bMaktabat al-Ānjilū al-Miṣrīyah,
_c[1962]
300 _a570 p. :
_bill., maps ;
_c24 cm.
504 _aIncludes bibliographical references (p. [559]-570.)
650 0 _aStatistics.
999 _c46200
_d46200